Parentalidad / (Registro nro. 6306)

Detalles MARC
000 -CABECERA
campo de control de longitud fija 00704nam a2200229 a 4500
001 - NÚMERO DE CONTROL
campo de control Rebiun18254059
003 - IDENTIFICADOR DEL NÚMERO DE CONTROL
campo de control AR-RoIUNI
005 - FECHA Y HORA DE LA ÚLTIMA TRANSACCIÓN
campo de control 20251002111946.0
008 - DATOS DE LONGITUD FIJA--INFORMACIÓN GENERAL
campo de control de longitud fija 950105s1983 ag 000 spa d
020 ## - NÚMERO INTERNACIONAL ESTÁNDAR DEL LIBRO
Número Internacional Estándar del Libro 9500184672
020 ## - NÚMERO INTERNACIONAL ESTÁNDAR DEL LIBRO
Número Internacional Estándar del Libro 031604370
040 ## - FUENTE DE LA CATALOGACIÓN
Centro catalogador/agencia de origen UCM.PSI.
Centro/agencia modificador UMA.CEP
Centro/agencia transcriptor
080 ## - NÚMERO DE LA CLASIFICACIÓN DECIMAL UNIVERSAL
Número de la Clasificación Decimal Universal 159.964.2
245 00 - MENCIÓN DE TÍTULO
Título Parentalidad /
Mención de responsabilidad, etc. E. James Anthony, Therese Benedek, compiladores
260 ## - PUBLICACIÓN, DISTRIBUCIÓN, ETC. (PIE DE IMPRENTA)
Lugar de publicación, distribución, etc. Buenos Aires :
Nombre del editor, distribuidor, etc. Amorrortu [etc.],
Fecha de publicación, distribución, etc. 1983
300 ## - DESCRIPCIÓN FÍSICA
Extensión 594 p. :
Otras características físicas il. ;
Dimensiones 22 cm
490 0# - MENCIÓN DE SERIE
Mención de serie Biblioteca de psicologia y psicoanalisis
650 04 - PUNTO DE ACCESO ADICIONAL DE MATERIA--TÉRMINO DE MATERIA
Término de materia o nombre geográfico como elemento inicial Paternidad-
Subdivisión general Aspectos psicologicos
700 1# - PUNTO DE ACCESO ADICIONAL--NOMBRE DE PERSONA
Nombre de persona Anthony, E. James,
Término indicativo de función/relación comp
700 1# - PUNTO DE ACCESO ADICIONAL--NOMBRE DE PERSONA
Nombre de persona Benedek, Therese,
Término indicativo de función/relación comp
942 ## - ELEMENTOS DE PUNTO DE ACCESO ADICIONAL (KOHA)
Fuente del sistema de clasificación o colocación Clasificación Decimal Universal
Tipo de ítem Koha Libros
Existencias
Estado de retiro Estado de pérdida Fuente del sistema de clasificación o colocación Estado dañado Excepción de préstamo Localización permanente Ubicación/localización actual Ubicación en estantería Fecha de adquisición Fuente de adquisición Número de inventario Total de préstamos Signatura topográfica completa Código de barras Fecha visto por última vez Precio válido a partir de Tipo de ítem Koha
    Clasificación Decimal Universal     BIBLIOTECA RIOBAMBA BIBLIOTECA RIOBAMBA BIBLIOTECA RIOBAMBA 02/10/2025 Donación 9096   159.964.2 BEN 9096 02/10/2025 02/10/2025 Libros